| 000 | 00570cam a22001577a 4500 | ||
|---|---|---|---|
| 008 | 180718b2005 xxu||||| |||| 00| 0 eng d | ||
| 082 | _aQ31x54 P13 | ||
| 100 | _aPadhi, Sakti | ||
| 245 |
_aTribal population and chronic poverty in Orissa _cby Sakti Padhi, Nilakantha Panigrahi and Aswini Kumar Mishra |
||
| 260 |
_aNew Delhi _bIndian Institute of Public Administration and Chronic Poverty Research Centre _c2005 |
||
| 300 | _a15p. | ||
| 440 | _aCPRC-IIPA working paper; no. 27 | ||
| 650 | _aPoverty | ||
| 700 | _aMishra, Aswini Kumar | ||
| 700 | _aPanigrahi, Nilakantha | ||
| 999 |
_c493465 _d493465 |
||